|
|
|
|
| LEADER |
00000cam a2200000 7i4500 |
| 001 |
0000025446 |
| 005 |
20220721.0 |
| 008 |
060614s my # may |
| 020 |
|
|
|a 9789678922623 ,
|c RM27.50
|
| 040 |
|
|
|a INS
|
| 090 |
0 |
0 |
|a KPG14U5
|b K4 2013
|
| 110 |
1 |
|
|a Malaysia
|
| 245 |
0 |
0 |
|a Akta kerajaan tempatan 1976 (akta 171) & perundangan subsidiari terpilih :
|b hingga 05hb April 2013
|c disusun oleh Lembaga Penyelidikan Undang-undang
|
| 260 |
|
|
|a Kuala Lumpur :
|b International Law Book Services ,
|c 2013
|
| 300 |
|
|
|a 282ms. ;
|c 24cm.
|
| 650 |
0 |
0 |
|a Local government
|x Law and legistlation
|z Malaysia
|
| 710 |
1 |
|
|a International Law Book Services ,
|c Lembaga Penyelidikan Undang-undang
|
| 999 |
|
|
|a 1000001566
|b BOOK
|c Open Shelf
|e Default branch
|
| 999 |
|
|
|a 1000001567
|b BOOK
|c Open Shelf
|e Default branch
|
| 999 |
|
|
|a 1000001568
|b BOOK
|c Open Shelf
|e Default branch
|
| 999 |
|
|
|a 1000001569
|b BOOK
|c Open Shelf
|e Default branch
|
| 999 |
|
|
|a 1000001570
|b BOOK
|c Open Shelf
|e Default branch
|
| 999 |
|
|
|a 1000001571
|b BOOK
|c Open Shelf
|e Default branch
|
| 999 |
|
|
|a 1000001572
|b BOOK
|c Open Shelf
|e Default branch
|
| 999 |
|
|
|a 1000001574
|b BOOK
|c Open Shelf
|e Default branch
|
| 999 |
|
|
|a 1000001575
|b BOOK
|c Open Shelf
|e Default branch
|